[Event "Titled Tuesday intern op 20th May Late"]
[Site "Chess.com INT"]
[Date "2025.05.20"]
[Round "8"]
[White "Micic, Aleksa"]
[Black "Shetty, Anshul"]
[Result "0-1"]
[WhiteElo "2191"]
[BlackElo "2112"]
[PlyCount "80"]
[EventDate "2025.05.20"]
[EventType "swiss (blitz)"]
[EventRounds "11"]
[EventCountry "USA"]
[SourceTitle "CB22_2025"]
[SourceDate "2025.05.28"]
[SourceVersion "1"]
[SourceVersionDate "2025.05.28"]
[SourceQuality "1"]

1. d4 Nf6 2. Nc3 d5 3. Bf4 e6 4. Nb5 Na6 5. e3 c6 6. Nc3 Nc7 7. h3 c5 8. Nf3 Bd6 9. Ne5 Rf8 10. g4 h6 11. h4 cxd4 12. exd4 Qe7 13. g5 hxg5 14. hxg5 Nd7 15. Bd3 Nxe5 16. dxe5 Bb4 17. a3 Bxc3+ 18. bxc3 Bd7 19. Rh7 g6 20. Bxg6 0-0-0 21. Bd3 Rh8 22. g6 Rxh7 23. gxh7 f5 24. Qh5 Rh8 25. Qg6 Qxh7 26. Qxh7 Rxh7 27. Ke2 Bb5 28. Rg1 Bxd3+ 29. cxd3 Nb5 30. Bd2 Nxa3 31. Ra1 Nb5 32. Rg1 Kd7 33. Rg8 a6 34. Rb8 Kc6 35. Re8 Nc7 36. Rd8 Rd7 37. Rf8 d4 38. cxd4 Rxd4 39. Bc3 Ra4 40. Rc8 Kd7 0-1

[Event "Titled Tuesday intern op 01st Apr Early"]
[Site "Chess.com INT"]
[Date "2025.04.01"]
[Round "10"]
[White "Shetty, Anshul"]
[Black "Garcia Correa, Jose Ricardo"]
[Result "1-0"]
[WhiteElo "2105"]
[BlackElo "2103"]
[PlyCount "83"]
[EventDate "2025.04.01"]
[EventType "swiss (blitz)"]
[EventRounds "11"]
[EventCountry "USA"]
[SourceTitle "CB15_2025"]
[SourceDate "2025.04.09"]
[SourceVersion "1"]
[SourceVersionDate "2025.04.09"]
[SourceQuality "1"]

1. e4 e5 2. Nf3 Nc6 3. Bc4 Bc5 4. b4 Bxb4 5. c3 Ba5 6. d4 exd4 7. 0-0 dxc3 8. Qb3 Qf6 9. e5 Qg6 10. Nxc3 Nge7 11. Nh4 Qh5 12. g3 Nxe5 13. Be2 Nf3+ 14. Bxf3 Qe5 15. Bb2 Bxc3 16. Bxc3 Qg5 17. Bxb7 Rb8 18. f4 Qc5+ 19. Rf2 Rxb7 20. Qc2 0-0 21. Rc1 Nd5 22. Qd3 d6 23. Kg2 Qb5 24. Qd4 Nxc3 25. Qxc3 Qd5+ 26. Kg1 Bh3 27. Nf3 h6 28. Rd2 Qe4 29. Rd4 Qf5 30. Rd2 Rfb8 31. Nd4 Qe4 32. Re2 Qd5 33. Nb3 c5 34. Rd2 Qc6 35. Nd4 Qe4 36. Nb3 Rb6 37. Rcd1 Rd8 38. Nxc5 dxc5 39. Rxd8+ Kh7 40. R8d2 Rb1 41. Qd3 Rxd1+ 42. Rxd1 1-0

[Event "Titled Tuesday intern op 01st Apr Early"]
[Site "Chess.com INT"]
[Date "2025.04.01"]
[Round "2"]
[White "Shetty, Anshul"]
[Black "Plat, Vojtech"]
[Result "0-1"]
[WhiteElo "2105"]
[BlackElo "2465"]
[PlyCount "58"]
[EventDate "2025.04.01"]
[EventType "swiss (blitz)"]
[EventRounds "11"]
[EventCountry "USA"]
[SourceTitle "CB15_2025"]
[SourceDate "2025.04.09"]
[SourceVersion "1"]
[SourceVersionDate "2025.04.09"]
[SourceQuality "1"]

1. Nf3 d6 2. d4 Nf6 3. Nc3 Nbd7 4. e4 e5 5. Bg5 Be7 6. Qd2 0-0 7. 0-0-0 c6 8. h4 b5 9. a3 a5 10. dxe5 dxe5 11. Bxf6 Bxf6 12. Nb1 Qb6 13. g4 b4 14. g5 Be7 15. a4 Nc5 16. Bd3 Nxa4 17. Nxe5 Nxb2 18. h5 Nxd3+ 19. Qxd3 Bxg5+ 20. Kb2 Bf6 21. f4 Qc5 22. h6 g6 23. Qd6 Qxd6 24. Rxd6 Be6 25. Rxc6 a4 26. Nd2 a3+ 27. Ka1 Rfc8 28. Rxc8+ Rxc8 29. Rc1 b3 0-1

[Event "Illinois op"]
[Site "Naperville"]
[Date "2024.09.02"]
[Round "6"]
[White "Shetty, Anshul"]
[Black "Khanbutaev, Artemiy"]
[Result "1/2-1/2"]
[WhiteElo "2071"]
[BlackElo "1929"]
[PlyCount "54"]
[EventDate "2024.08.30"]
[EventType "swiss"]
[EventRounds "7"]
[EventCountry "USA"]
[SourceTitle "EXT 2025"]
[Source "ChessBase"]
[SourceDate "2024.10.14"]
[SourceVersion "1"]
[SourceVersionDate "2024.10.14"]
[SourceQuality "1"]

1. Nf3 Nf6 2. b3 d5 3. Bb2 Bg4 4. g3 e6 5. Bg2 Bd6 6. d4 Nbd7 7. 0-0 0-0 8. Nbd2 c6 9. h3 Bh5 10. g4 Bg6 11. Ne5 Qc7 12. f4 Ne4 13. e3 Bxe5 14. dxe5 Ng3 15. Rf3 Ne4 16. Rf1 Ng3 17. Rf2 h5 18. Nf1 Nxf1 19. Qxf1 hxg4 20. hxg4 f6 21. f5 Bh7 22. exf6 Nxf6 23. Qe2 Qg3 24. Rf4 Rae8 25. Raf1 Ra8 26. Ra1 exf5 27. gxf5 Bxf5 1/2-1/2

[Event "Illinois op"]
[Site "Naperville"]
[Date "2024.09.01"]
[Round "5"]
[White "Gratz, Glen"]
[Black "Shetty, Anshul"]
[Result "0-1"]
[WhiteElo "2094"]
[BlackElo "2071"]
[PlyCount "108"]
[EventDate "2024.08.30"]
[EventType "swiss"]
[EventRounds "7"]
[EventCountry "USA"]
[SourceTitle "EXT 2025"]
[Source "ChessBase"]
[SourceDate "2024.10.14"]
[SourceVersion "1"]
[SourceVersionDate "2024.10.14"]
[SourceQuality "1"]

1. e4 c5 2. Qh5 e6 3. f4 Nc6 4. c3 g6 5. Qf3 Bg7 6. d3 d5 7. Nd2 Nge7 8. g4 f5 9. gxf5 exf5 10. e5 g5 11. Qh5+ Ng6 12. Qxg5 Qxg5 13. fxg5 Ngxe5 14. Ngf3 0-0 15. Nxe5 Nxe5 16. Nb3 c4 17. dxc4 dxc4 18. Nd4 f4 19. b3 cxb3 20. axb3 Nf3+ 21. Nxf3 Bxc3+ 22. Kf2 Bxa1 23. Bc4+ Kh8 24. Ba3 Bg7 25. Bxf8 Bxf8 26. Ne5 Bh3 27. Kf3 Re8 28. Nf7+ Kg7 29. Kxf4 Be6 30. Bxe6 Rxe6 31. Nh6 Rb6 32. Rd1 Kg6 33. Nf5 Rb4+ 34. Rd4 Bd6+ 35. Kg4 Rxd4+ 36. Nxd4 Bxh2 37. Ne6 Bd6 38. Nd8 b6 39. Nc6 a5 40. Nd4 Bc5 41. Ne6 Be3 42. Nf8+ Kg7 43. Ne6+ Kf7 44. Nc7 Kg6 45. Nd5 Bd4 46. Nf4+ Kf7 47. Kf5 b5 48. Ke4 Bc5 49. Nd5 a4 50. Kd3 a3 51. Kc2 b4 52. Nf4 Bd6 53. Nd3 Kg6 54. Nf2 Be7 0-1

[Event "Chesterfield SPICE Cup op"]
[Site "Chesterfield"]
[Date "2023.12.17"]
[Round "1"]
[White "Shetty, Anshul"]
[Black "Tsay, Vincent"]
[Result "0-1"]
[WhiteElo "2030"]
[BlackElo "2353"]
[PlyCount "72"]
[EventDate "2023.12.17"]
[EventType "swiss"]
[EventRounds "9"]
[EventCountry "USA"]
[SourceTitle "CBM 217 Extra"]
[Source "ChessBase"]
[SourceDate "2024.01.31"]
[SourceVersion "1"]
[SourceVersionDate "2024.01.31"]
[SourceQuality "1"]

1. e4 e6 2. d4 d5 3. Nd2 c5 4. Ngf3 cxd4 5. Nxd4 Nc6 6. Bb5 Bd7 7. Nxc6 bxc6 8. Bd3 Bd6 9. Qe2 Ne7 10. e5 Bc7 11. 0-0 0-0 12. f4 f6 13. Nf3 Qe8 14. exf6 gxf6 15. b3 Qh5 16. Ba3 Rf7 17. Nd4 Qxe2 18. Nxe2 Rg7 19. Ng3 Kf7 20. Nh5 Rgg8 21. Bb2 Bb6+ 22. Kh1 d4 23. c3 c5 24. cxd4 cxd4 25. Ng3 Bc6 26. Rf2 Bd5 27. Rd1 Rgd8 28. Rfd2 h5 29. Ne2 h4 30. Bxd4 Rg8 31. Bc4 Bxg2+ 32. Kg1 Ba5 33. b4 Bxb4 34. Rb2 a5 35. Rb3 Bd5+ 36. Kf2 Bxc4 0-1